Experimental test of the shadowing effect in Smith-Purcell radiation; Nuovo Cimento della Societa Italiana di Fisica C; Vol 34, iss. 4

Detaylı Bibliyografya
Parent link:Nuovo Cimento della Societa Italiana di Fisica C: Colloquia and communications in physics.— , 1987-
Vol 34, iss. 4.— 2011.— [P. 305-310]
Diğer Yazarlar: Naumenko G. A. Gennadiy Andreevich, Popov Yu. A. Yuriy Anatolevich, Potylitsyn A. P. Alexander Petrovich, Shevelev M. V. Mihail Viktorovich
Özet:Title screen
The observation of a shadowing effect of a relativistic electron Coulomb field for the Smith-Purcell radiation generation is presented in this paper. For this purpose the surface current from the closest surface of grating element to the electron beam was measured for a downstream one shadowed by upstream element. The experimental results showed that shadowing effect for Smith-Purcell radiation depends on grating geometry.
Режим доступа: по договору с организацией-держателем ресурса
Dil:İngilizce
Baskı/Yayın Bilgisi: 2011
Konular:
Online Erişim:http://dx.doi.org/10.1393/ncc/i2011-10942-6
Materyal Türü: MixedMaterials Elektronik Kitap Bölümü
KOHA link:https://koha.lib.tpu.ru/cgi-bin/koha/opac-detail.pl?biblionumber=647414

MARC

LEADER 00000naa0a2200000 4500
001 647414
005 20250210135725.0
035 |a (RuTPU)RU\TPU\network\12554 
035 |a RU\TPU\network\12548 
090 |a 647414 
100 |a 20160408d2011 k||y0rusy50 ba 
101 0 |a eng 
102 |a IT 
135 |a drnn ---uucaa 
181 0 |a i  
182 0 |a b 
200 1 |a Experimental test of the shadowing effect in Smith-Purcell radiation  |f G. A. Naumenko [et al.] 
203 |a Text  |c electronic 
300 |a Title screen 
320 |a [References: p. 310 (12 tit.)] 
330 |a The observation of a shadowing effect of a relativistic electron Coulomb field for the Smith-Purcell radiation generation is presented in this paper. For this purpose the surface current from the closest surface of grating element to the electron beam was measured for a downstream one shadowed by upstream element. The experimental results showed that shadowing effect for Smith-Purcell radiation depends on grating geometry. 
333 |a Режим доступа: по договору с организацией-держателем ресурса 
461 |t Nuovo Cimento della Societa Italiana di Fisica C  |o Colloquia and communications in physics  |d 1987- 
463 |t Vol 34, iss. 4  |v [P. 305-310]  |d 2011 
610 1 |a электронный ресурс 
610 1 |a труды учёных ТПУ 
610 1 |a electromagnetic fields 
610 1 |a relativistic electrons 
610 1 |a radiation 
610 1 |a электронные поля 
610 1 |a излучение 
610 1 |a релятивисткие электроны 
701 1 |a Naumenko  |b G. A.  |c physicist  |c senior research fellow, Professor of Tomsk Polytechnic University, Candidate of physical and mathematical sciences  |f 1947-  |g Gennadiy Andreevich  |3 (RuTPU)RU\TPU\pers\31524  |9 15685 
701 1 |a Popov  |b Yu. A.  |c physicist  |c design engineer of Tomsk Polytechnic University  |f 1985-  |g Yuriy Anatolevich  |3 (RuTPU)RU\TPU\pers\31528  |9 15689 
701 1 |a Potylitsyn  |b A. P.  |c Russian physicist  |c Professor of the TPU  |f 1945-  |g Alexander Petrovich  |3 (RuTPU)RU\TPU\pers\26306  |9 12068 
701 1 |a Shevelev  |b M. V.  |c physicist  |c research engineer of Tomsk Polytechnic University  |f 1985-  |g Mihail Viktorovich  |3 (RuTPU)RU\TPU\pers\31529  |9 15690 
801 2 |a RU  |b 63413507  |c 20170116  |g RCR 
856 4 |u http://dx.doi.org/10.1393/ncc/i2011-10942-6 
942 |c CF